| 000 | 00741nam a2200253Ia 4500 | ||
|---|---|---|---|
| 003 | OSt | ||
| 005 | 20220928125220.0 | ||
| 006 | a|||||r|||| 00| 0 | ||
| 007 | ta | ||
| 008 | 220927b |||||||| |||| 00| 0 eng d | ||
| 024 | _a40956 | ||
| 037 | _cTextual | ||
| 040 |
_aSDCL _cSDCL _beng |
||
| 041 |
_2eng _aeng |
||
| 082 | _aS:94, M3 | ||
| 100 |
_aSpitzer Robert L _9468898 |
||
| 245 | 0 | _aInternational perspective on DSM- 111. | |
| 260 |
_aWashington _bAmerican Psychiatric Press _c1983 |
||
| 300 |
_axvii,413p. _ccm. |
||
| 700 |
_a Skodol Andrew E _9460599 |
||
| 700 |
_a Williams Janet B W _9468899 |
||
| 942 |
_hS:94, M3 _cTEXL _2CC |
||
| 999 |
_c781600 _d781600 |
||